रुपमती और तानसेन (Record no. 1531908)

MARC details
000 -LEADER
fixed length control field 01004nam a22002777a 4500
005 - DATE AND TIME OF LATEST TRANSACTION
control field 20220422115555.0
008 - FIXED-LENGTH DATA ELEMENTS--GENERAL INFORMATION
fixed length control field 220422b2015 ii ||||| |||| 00| 0 hin d
020 ## - INTERNATIONAL STANDARD BOOK NUMBER
International Standard Book Number 9789385336003
Price Rs. 80.00
Book form pbk
040 ## - CATALOGING SOURCE
Original cataloging agency NLI
Language of cataloging hin
Transcribing agency Hindi Division
041 0# - LANGUAGE CODE
Language code of text/sound track or separate title hin
044 ## - COUNTRY OF PUBLISHING/PRODUCING ENTITY CODE
MARC country code ii
082 04 - DEWEY DECIMAL CLASSIFICATION NUMBER
Edition number 23rd ed.
Classification number H 891.432
Book number V 465 rat
100 1# - MAIN ENTRY--PERSONAL NAME
Linkage 880-01
Personal name वन्दोपाध्याय, जगन्मय
9 (RLIN) 676063
245 10 - TITLE STATEMENT
Linkage 880-02
Title रुपमती और तानसेन
Statement of responsibility, etc. /जगन्मय वन्दोपाध्याय
260 ## - PUBLICATION, DISTRIBUTION, ETC.
Place of publication, distribution, etc. नई दिल्ली :
Name of publisher, distributor, etc. किताब घर,
Date of publication, distribution, etc. 2015.
300 ## - PHYSICAL DESCRIPTION
Extent 95 p.;
Dimensions 21 cm.
500 ## - GENERAL NOTE
General note दो नाटककों का संकलन
600 10 - SUBJECT ADDED ENTRY--PERSONAL NAME
9 (RLIN) 1412000
650 #0 - SUBJECT ADDED ENTRY--TOPICAL TERM
Topical term or geographic name entry element Hindi Drama
9 (RLIN) 739638
700 1# - ADDED ENTRY--PERSONAL NAME
Linkage 880-03
9 (RLIN) 678071
852 ## - LOCATION
Location BB
880 1# - ALTERNATE GRAPHIC REPRESENTATION
Linkage 100-01
a Vandopādhyāya, Jaganmaya
880 1# - ALTERNATE GRAPHIC REPRESENTATION
Linkage 245-02
a Rupamati Aura Tānasena
c / Jaganmaya Vandopādhyāya
887 ## - NON-MARC INFORMATION FIELD
Data Entry Operator Name / Verifier Name Aparajita
942 ## - ADDED ENTRY ELEMENTS (KOHA)
Source of classification or shelving scheme Dewey Decimal Classification
Koha item type Books
Holdings
Withdrawn status Lost status Source of classification or shelving scheme Damaged status Not for loan Collection code Home library Current library Shelving location Date acquired Source of acquisition Total Checkouts Full call number Barcode Date last seen Price effective from Koha item type
    Dewey Decimal Classification     Hindi National Library of India National Library of India Hindi - Book - Main Stack Division 14/07/2017 D B Act   H 891.432 V 465 rat DBA000129060HIN 22/04/2022 22/04/2022 Books
                                                                           
web counter

Copyright ©2020 The National Library of India, Govt. of India ↔ Hosted by NVLI, MOC ↔ Technology and Design by National Library of India, Ministry of Culture, Govt. of India